Missing Word: NCAA Teams Quiz Stats

Quiz Updated Mar 4, 2016

Also try: MLB Teams Jumble
Challenge
Share
Tweet
Embed
Score 0/20 Timer 02:00
1 Play Today
Team Missing Word % Correct
Tar ___Heels
95%
Crimson ___Tide
94.4%
Blue ___Devils
93.6%
___ JacketsYellow
93.2%
___ IlliniFighting
86.6%
Wolf ___Pack
83.9%
___ DevilsSun
79%
___ LionsNittany
79%
___ FrogsHorned
78.8%
___ DeaconsDemon
74.5%
Team Missing Word % Correct
___ DanesGreat
73.3%
___ EaglesGolden
71.8%
Scarlet ___Knights
69.3%
Thundering ___Herd
69.1%
Runnin' ___Rebels
67.6%
Red ___Raiders
67.6%
Green ___Wave
61.9%
Ragin' ___Cajuns
59.6%
Big ___Green
49.1%
Golden ___Hurricane
33.1%

Today's Daily Dose

Word Ladder
'90s Movies

Quick Pick
'Fire' Movies

On This Day
June 19th II

You're not logged in!

Compare scores with friends on all Sporcle quizzes.
Join for Free
OR
Log In

You Might Also Like...

Show Comments

Extras

Top Quizzes Today


Score Distribution

Your Account Isn't Verified!

In order to create a playlist on Sporcle, you need to verify the email address you used during registration. Go to your Sporcle Settings to finish the process.

Report this User

Report this user for behavior that violates our Community Guidelines.

Details: